The Alamgirian 2000-2001 (Record no. 195069)
[ view plain ]
| 000 -LEADER | |
|---|---|
| fixed length control field | 00618 a2200145 4500 |
| 003 - CONTROL NUMBER IDENTIFIER | |
| control field | Nust |
| 005 - DATE AND TIME OF LATEST TRANSACTION | |
| control field | 20170207154215.0 |
| 040 ## - CATALOGING SOURCE | |
| Transcribing agency | Nust |
| 082 ## - DEWEY DECIMAL CLASSIFICATION NUMBER | |
| Classification number | 378.4 |
| 245 ## - TITLE STATEMENT | |
| Title | The Alamgirian 2000-2001 |
| Statement of responsibility, etc. | Military college Jhelum |
| 260 ## - PUBLICATION, DISTRIBUTION, ETC. | |
| Place of publication, distribution, etc. | Jhelum |
| Name of publisher, distributor, etc. | Military college Jhelum |
| Date of publication, distribution, etc. | 2000-2001 |
| 300 ## - PHYSICAL DESCRIPTION | |
| Extent | 132 p. |
| 505 ## - FORMATTED CONTENTS NOTE | |
| Formatted contents note | From the Editors Desk (Page-8) Message by the Commandant (Page-9) The Faculty (Page-16) The Platinum Round-up 2000-2001 at a Stretch (Page-20) The Platinum Annual Day (Page-43) The Arena (Page-54) The Houses (Page-77) The Clubs (Page-90) Inking the Intellect (Page-98) |
| 538 ## - SYSTEM DETAILS NOTE | |
| System details note | Almirah No. 117 Shelf No. 2 |
| 942 ## - ADDED ENTRY ELEMENTS (KOHA) | |
| Source of classification or shelving scheme | |
| Koha item type | Book |
| Withdrawn status | Lost status | Source of classification or shelving scheme | Damaged status | Not for loan | Collection code | Permanent Location | Current Location | Date acquired | Total Checkouts | Full call number | Barcode | Date last seen | Price effective from | Koha item type |
|---|---|---|---|---|---|---|---|---|---|---|---|---|---|---|
| Military College of Signals (MCS) | Military College of Signals (MCS) | 12/12/2016 | 378.4 ALA | MCSPS-78 | 12/08/2016 | 12/12/2016 | Book |
